| 000 -LEADER |
| fixed length control field |
00528pab a2200181 454500 |
| 008 - FIXED-LENGTH DATA ELEMENTS--GENERAL INFORMATION |
| fixed length control field |
180718b2005 xxu||||| |||| 00| 0 eng d |
| 100 ## - MAIN ENTRY--PERSONAL NAME |
| Personal name |
Gadajlovic, Eric |
| 245 ## - TITLE STATEMENT |
| Title |
Ownership structure, investment behaviour and firm performance in Japanese manufacturing industries |
| 260 ## - PUBLICATION, DISTRIBUTION, ETC. |
| Date of publication, distribution, etc. |
2005 |
| 300 ## - PHYSICAL DESCRIPTION |
| Extent |
p.7-35. |
| 650 ## - SUBJECT ADDED ENTRY--TOPICAL TERM |
| Topical term or geographic name entry element |
Japanese investment |
| 650 ## - SUBJECT ADDED ENTRY--TOPICAL TERM |
| Topical term or geographic name entry element |
Investment |
| 650 ## - SUBJECT ADDED ENTRY--TOPICAL TERM |
| Topical term or geographic name entry element |
Manufacturing industry |
| 700 ## - ADDED ENTRY--PERSONAL NAME |
| Personal name |
Hashimoto, Motomi |
| 700 ## - ADDED ENTRY--PERSONAL NAME |
| Personal name |
Yoshikawa, Toru |
| 773 ## - HOST ITEM ENTRY |
| Main entry heading |
Organization Studies |
| 909 ## - |
| -- |
64223 |